| Поле | Инд. | ПП | Название | Значение |
|---|---|---|---|---|
| Тип записи | a | |||
| Библиографический уровень | m | |||
| 001 | Контрольный номер | 0a696374-1435-49a3-a1e9-91f81cda92db | ||
| 005 | Дата корректировки | 20140226233927.5 | ||
| 008 | Кодируемые данные | 020204 | ||
| 020 | a | ISBN | 5-306-0077-0 | |
| c | Цена, тираж | 39.00 | ||
| 040 | a | Служба первич. каталог. | НБ ТвГУ | |
| 041 | a | Код языка текста | rus | |
| 080 | a | Индекс УДК | 882-2 | |
| 084 | a | Индекс другой классификации/Индекс ББК | Ш6(2=411.2)6-6 | |
| 090 | a | Полочн. индекс | Р2 | |
| x | Авторский знак | Ш33 | ||
| 100 | 1_ | a | Автор | Шварц Евгений Львович |
| 245 | 00 | a | Заглавие | Пьесы. Сказки, Киносценарии |
| c | Ответственность | Евгений Шварц; [Сост. Р. Грищенкова] | ||
| 260 | 0_ | a | Место издания | СПб. |
| b | Издательство | Кристалл | ||
| c | Дата издания | 2001 | ||
| 300 | a | Объем | 573,[2] с. | |
| b | Иллюстрации/ тип воспроизводства | ил. | ||
| 440 | a | Серия | Б-ка мировой лит. | |
| a | Серия | Мастера прозы ХХ века | ||
| 583 | a | Действие | Получение впервые 53 01.02.2002 | |
| k | Исполнитель действия | Мегапроект "Пушкинская библиотека" | ||
| 653 | a | Ключевые слова | Художественная | |
| 700 | 1_ | a | Другие авторы | Грищенков Р. |
| e | Роль лиц | сост. | ||
| 888 | a | За счет средств университета (частично) | ||
| 930 | a | Новая/Ретро | художественная | |
| 952 | p | 53.2002 39.00 1 742702 | ||
| c | Вид литературы | К рх | ||
| 954 | a | Дата поступления на обработку | 20020204 |